Goods and virtues / (Record no. 9054)

MARC details
000 -LEADER
fixed length control field 00742cac a22002411u 4500
090 ## - LOCALLY ASSIGNED LC-TYPE CALL NUMBER (OCLC); LOCAL CALL NUMBER (OCLC)
-- 9054
008 - FIXED-LENGTH DATA ELEMENTS--GENERAL INFORMATION
fixed length control field 081112t1983 xxu||||| |||| 00| 0 eng d
010 ## - LIBRARY OF CONGRESS CONTROL NUMBER
LC control number 83006567
020 ## - INTERNATIONAL STANDARD BOOK NUMBER
International Standard Book Number 0198247079 :
082 00 - DEWEY DECIMAL CLASSIFICATION NUMBER
Classification number 170
Item number SLO
100 ## - MAIN ENTRY--PERSONAL NAME
Personal name Slote, Michael A.
245 10 - TITLE STATEMENT
Title Goods and virtues /
Statement of responsibility, etc Michael Slote.
260 ## - PUBLICATION, DISTRIBUTION, ETC. (IMPRINT)
Place of publication, distribution, etc Oxford :
Name of publisher, distributor, etc Clarendon Press ;
Place of publication, distribution, etc New York :
Name of publisher, distributor, etc Oxford University Press,
Date of publication, distribution, etc C.1983.
300 ## - PHYSICAL DESCRIPTION
Extent 148 p. ;
Dimensions 23 cm.
500 ## - GENERAL NOTE
General note Distributer: Al-Ahram.
504 ## - BIBLIOGRAPHY, ETC. NOTE
Bibliography, etc Includes bibliographical references and index.
511 ## - PARTICIPANT OR PERFORMER NOTE
Participant or performer note Catalogued By: Mahitab.
650 #0 - SUBJECT ADDED ENTRY--TOPICAL TERM
Topical term or geographic name as entry element Ethics.
650 #0 - SUBJECT ADDED ENTRY--TOPICAL TERM
Topical term or geographic name as entry element Good and evil.
650 #0 - SUBJECT ADDED ENTRY--TOPICAL TERM
Topical term or geographic name as entry element Virtues.
942 ## - ADDED ENTRY ELEMENTS (KOHA)
Item type Book - Borrowing
Call number prefix 170SLO
Source of classification or shelving scheme Dewey Decimal Classification
Holdings
Withdrawn status Item status Damaged status Not for loan Home library Current library Shelving location Date acquired Source of acquisition Total Checkouts Total Renewals Full call number Barcode Date last seen Date last borrowed Koha item type
        Central Library Central Library Lower Floor 07/04/2008 Purchase 1 8 170SLO 000010891 15/07/2025 24/10/2017 Book - Borrowing